Statistics for Wheel of Time

Click here to take the quiz!

General Stats

  • This quiz has been taken 284 times
  • The average score is 9 of 13

Answer Stats

HintAnswer% Correct
Captured by the Dragon in Rhudian. Weakest of the forsaken.Asmodean
87%
Known now as Cyndane The Forsaken that Loved the Dragon Strongest among the womenLanfear
85%
Man of the sciences. Created the Trollocs. Now known as Osan'garAginor
82%
Foremost of the forsaken. Was killed and is now known as MoridanIshamael
77%
Hates the Dragon with a passion. His whereabouts are unknownDemandred
73%
Known as the spider.Moghedien
73%
Established himself in Camelyn. Feddish for hot womenRahvin
70%
Hid himself as a Lord in natiion of IllianSammael
65%
Established himself in Tear; Planned to attack the Dragon the moment he would acquire CallandorBE'LAL
64%
The first to escape from the bore. Sexual fettishes. Is now called Aran'garBalthamel
63%
Establishes herself in the White TowerMesaana
62%
Established in Bandar EbanGraendal
56%
Is a sadistSemirhage
52%

Score Distribution

Percentile by Number Answered

Percent of People with Each Score

Your Score History

You have not taken this quiz